[Event "Anogia op 5th"]
[Site "Anogia"]
[Date "2016.07.12"]
[Round "1"]
[White "Enkhtuul, Altanulzii"]
[Black "Kotsiou, Konstantinos"]
[Result "1-0"]
[WhiteElo "2230"]
[BlackElo "1364"]
[PlyCount "77"]
[EventDate "2016.07.12"]
[EventType "swiss"]
[EventRounds "9"]
[EventCountry "GRE"]
[SourceTitle "CBM 173 Extra"]
[Source "ChessBase"]
[SourceDate "2016.08.29"]
[SourceVersion "1"]
[SourceVersionDate "2016.08.29"]
[SourceQuality "1"]

1. d4 Nf6 2. Nf3 e6 3. g3 Nc6 4. Bg2 Be7 5. 0-0 0-0 6. Bg5 d6 7. Nbd2 Nd5 8. Bxe7 Ndxe7 9. e4 b6 10. e5 Rb8 11. exd6 cxd6 12. c3 Qd7 13. Qe2 Ng6 14. h4 h6 15. Rfe1 Re8 16. Rad1 Bb7 17. Qd3 Qc7 18. Nf1 d5 19. Ne3 Na5 20. h5 Nf8 21. Ne5 Nd7 22. f4 Nxe5 23. fxe5 Nc4 24. Nxc4 dxc4 25. Qe2 Bxg2 26. Qxg2 Qb7 27. Re4 Re7 28. Qe2 b5 29. a3 a5 30. Rf4 Qc7 31. Rc1 Rd7 32. Kh2 Qd8 33. Rg4 Rc7 34. Qd2 Qd5 35. Qxh6 f6 36. exf6 Rbb7 37. Qg6 Qf3 38. h6 Qf2+ 39. Kh3 1-0